| 000 | 00449nam a22001817a 4500 | ||
|---|---|---|---|
| 005 | 20230824100241.0 | ||
| 008 | 230824b |||||||| |||| 00| 0 eng d | ||
| 020 | _a9788177585698 | ||
| 082 |
_a005.65 _bSTA-H |
||
| 100 | _aStallings,William | ||
| 245 | _aHigh Speed Networks and Internets | ||
| 250 | _a2nd | ||
| 260 |
_aIndia: _bPearson, _c2002 |
||
| 300 | _a715 pages | ||
| 500 | _aInclude Index. | ||
| 650 | _aComputer Science | ||
| 999 |
_c33279 _d33279 |
||